Handbook of ceramic composites (Record no. 355790)

000 -LEADER
fixed length control field 01249cam a22003497a 4500
001 - CONTROL NUMBER
control field 7899721
003 - CONTROL NUMBER IDENTIFIER
control field USPCAS-E
005 - DATE AND TIME OF LATEST TRANSACTION
control field 20180118181413.0
006 - FIXED-LENGTH DATA ELEMENTS--ADDITIONAL MATERIAL CHARACTERISTICS
fixed length control field m d
007 - PHYSICAL DESCRIPTION FIXED FIELD--GENERAL INFORMATION
fixed length control field cr n
008 - FIXED-LENGTH DATA ELEMENTS--GENERAL INFORMATION
fixed length control field 060425s2005 maua sb 001 0 eng d
020 ## - INTERNATIONAL STANDARD BOOK NUMBER
International Standard Book Number 1402081332 (alk. paper)
035 ## - SYSTEM CONTROL NUMBER
System control number (WaSeSS)ssj0000072153
040 ## - CATALOGING SOURCE
Original cataloging agency NED
Transcribing agency NED
Modifying agency OHX
-- BAKER
-- DLC
-- WaSeSS
042 ## - AUTHENTICATION CODE
Authentication code lccopycat
050 #4 - LIBRARY OF CONGRESS CALL NUMBER
Classification number TA418.9.C6
Item number H316 2005
072 #7 - SUBJECT CATEGORY CODE
Subject category code TP
Source lcco
082 00 - DEWEY DECIMAL CLASSIFICATION NUMBER
Classification number 620.14
Edition number 22
Author Mark HAN 2005
210 10 - ABBREVIATED TITLE
Abbreviated title Handbook of ceramic composites
245 00 - TITLE STATEMENT
Title Handbook of ceramic composites
Medium [electronic resource] /
Statement of responsibility, etc. edited by Narottam P. Bansal.
260 ## - PUBLICATION, DISTRIBUTION, ETC.
Place of publication, distribution, etc. Boston :
Name of publisher, distributor, etc. Kluwer Academic Publishers,
Date of publication, distribution, etc. c2005.
502 ## - DISSERTATION NOTE
Dissertation note 0
504 ## - BIBLIOGRAPHY, ETC. NOTE
Bibliography, etc. note Includes bibliographical references and index.
506 ## - RESTRICTIONS ON ACCESS NOTE
Terms governing access License restrictions may limit access.
650 #0 - SUBJECT ADDED ENTRY--TOPICAL TERM
Topical term or geographic name entry element Ceramic-matrix composites.
650 #0 - SUBJECT ADDED ENTRY--TOPICAL TERM
Topical term or geographic name entry element Ceramics.
700 1# - ADDED ENTRY--PERSONAL NAME
Personal name Bansal, Narottam P.
773 #0 - HOST ITEM ENTRY
Title SpringerLink ebooks - Chemistry and Materials Science (2005)
856 40 - ELECTRONIC LOCATION AND ACCESS
Uniform Resource Identifier <a href="http://www.columbia.edu/cgi-bin/cul/resolve?clio7899721">http://www.columbia.edu/cgi-bin/cul/resolve?clio7899721</a>
Public note Full text available from SpringerLink ebooks - Chemistry and Materials Science (2005)
910 ## - USER-OPTION DATA (OCLC)
User-option data Library of Congress record
942 ## - ADDED ENTRY ELEMENTS (KOHA)
Source of classification or shelving scheme
Koha item type Book
Holdings
Withdrawn status Lost status Source of classification or shelving scheme Damaged status Not for loan Collection code Permanent Location Current Location Shelving location Date acquired Source of acquisition Cost, normal purchase price Total Checkouts Full call number Barcode Date last seen Price effective from Koha item type Copy number
            US-Pakistan Center for Advanced Studies in Energy (USPCAS-E) US-Pakistan Center for Advanced Studies in Energy (USPCAS-E)   12/22/2015 Progressive 31064.00   620.14 HAN 2005 CAS-E0001032 12/22/2015 12/22/2015 Book  
            US-Pakistan Center for Advanced Studies in Energy (USPCAS-E) US-Pakistan Center for Advanced Studies in Energy (USPCAS-E)   12/22/2015 Progressive 31064.00   620.14 HAN 2005 CAS-E0001033 12/22/2015 12/22/2015 Book 2
© 2023 Central Library, National University of Sciences and Technology. All Rights Reserved.